Vereinshymnen in der Bundesliga - Statistiken

Allgemein
  • Dieses Quiz wurde 175 mal gespielt
  • Das Durchschnittsergebnis liegt bei 14 aus 18
Antwortstatistiken
Vereinshymne Verein % Korrekt
"Stern des Südens" Bayern München
97%
"Herz von St. ..." FC St. Pauli
97%
"Für immer VfB" VfB Stuttgart
95%
"Eisern ..." Union Berlin
94%
"Lebenslang Grün-Weiß" Werder Bremen
94%
"Wir sind Hoffe" TSG Hoffenheim
93%
"Im Herzen von Europa" Eintracht Frankfurt
90%
Geschrieben von Herbert Grönemeyer VfL Bochum
90%
"Stolz des Ostens" RB Leipzig
88%
"Rot-Grün-Weiß" FC Augsburg
77%
"Niemals einsam an der Dreisam" SC Freiburg
73%
"Rot und Weiß" 1. FSV Mainz 05
64%
"1846 ... Olé" 1. FC Heidenheim
62%
"Die Seele brennt" Borussia Mönchengladbach
60%
"Wir halten fest und treu zusammen" Borussia Dortmund
57%
"Keine andere Stadt, keine andere Liebe, kein anderer Verein" Holstein Kiel
53%
"Immer nur du" VfL Wolfsburg
51%
"Wir steh´n zu dir" Bayer Leverkusen
48%
Keine übereinstimmenden Quizze gefunden
Verteilung der Resultate
Anzahl Personen mit jedem Resultat
Perzentil nach korrekt beantworteten Fragen
Ihre Resultats-Entwicklung
Sie haben dieses Quiz noch nicht gespielt